The little mermaid / (Record no. 48304)
| 000 -LEADER | |
|---|---|
| fixed length control field | 00324nam a2200109 4500 |
| 020 ## - INTERNATIONAL STANDARD BOOK NUMBER | |
| International Standard Book Number | 9788854040526 |
| 100 ## - MAIN ENTRY--PERSONAL NAME | |
| Personal name | Andersen, Hans Christian |
| 9 (RLIN) | 23191 |
| 245 ## - TITLE STATEMENT | |
| Title | The little mermaid / |
| Statement of responsibility, etc | Hans Christian Andersen & Francesca Rossi |
| 260 ## - PUBLICATION, DISTRIBUTION, ETC. (IMPRINT) | |
| Place of publication, distribution, etc | Milan, Italy |
| Name of publisher, distributor, etc | WS Kids |
| Date of publication, distribution, etc | 2019 |
| 300 ## - PHYSICAL DESCRIPTION | |
| Extent | 43 p. |
| Other physical details | col. ill. |
| Dimensions | 21 cm. |
| 942 ## - ADDED ENTRY ELEMENTS (KOHA) | |
| Source of classification or shelving scheme | |
| Koha item type | Book |
| Withdrawn status | Lost status | Source of classification or shelving scheme | Damaged status | Not for loan | Home library | Current library | Shelving location | Date acquired | Total Checkouts | Full call number | Barcode | Checked out | Date last seen | Date checked out | Price effective from | Koha item type |
|---|---|---|---|---|---|---|---|---|---|---|---|---|---|---|---|---|
| Asian Hope Early Years Library | Asian Hope Early Years Library | Easy Reading | 02/04/2025 | 5 | E AND | 206909 | 04/02/2026 | 04/02/2026 | 04/02/2026 | 02/04/2025 | Book |